| 000 | 00478nam a2200181Ia 4500 | ||
|---|---|---|---|
| 005 | 20250423100608.0 | ||
| 008 | 250422s9999 xx 000 0 und d | ||
| 020 | _a1559533919 | ||
| 050 | _aQA 531 .F56/ | ||
| 100 | _aFoerster, Paul A. | ||
| 245 | 0 | _aPrecalculus with trigonometry : concepts and applications | |
| 260 | _aEmeryville | ||
| 260 | _bKey Curriculum Press | ||
| 260 | _cc2003 | ||
| 300 | _a784 p | ||
| 650 | _aTrigonometry Functions Calculus | ||
| 942 | _cBK | ||
| 999 |
_c33779 _d33779 |
||